000 00723nac a22002171u 4500
010 _a 92218728
020 _a0133812375
082 0 0 _a005.44
_bHEL
090 _c9309
_d9309
100 _a20080729
245 0 4 _aThe Helios parallel operating system /
_cPerihelion Software Ltd.
260 _aNew York :
_bPrentice Hall,c.1991.
_cc.1991.
300 _axvi, 599 p. :
_bill. ;
_c24 cm.
500 _aIncludes index.
500 _aDistributer: Al-Ahram.
511 _aCatalogued By: Mahitab.
650 0 _aOperating systems (Computers)
650 0 _aParallel processing (Electronic computers)
710 2 _aPerihelion Software Ltd.
942 _cBB
_k005.44HEL
999 _c9309
_d9309